Теория исторического процесса. Очерки по философии и методологии истории: курс лекций

Detalles Bibliográficos
Autor Principal: Хвостов В. М. Вениамин Михайлович
Summary:Текст в русской дореформенной орфографии
Настоящая книга, написанная известным отечественным философом и правоведом В. М. Хвостовым (1868-1920), представляет собой курс лекций по философии и методологии истории. Содержание курса состоит из трех частей. Первая часть посвящена выяснению места истории среди других научных дисциплин и ее специальных задач. Автор пытается ответить на вопросы о том, почему возбуждается интерес человечества к историческим проблемам, т. е. на какие запросы призвано давать ответ историческое познание. Во второй части излагаются руководящие понятия и принципы, лежащие в основе исторического мировозрения. Наконец, в третьей части исследуется вопрос о пределах эмпирического познания в области истории, о средствах и приемах исторического исследования. Рекомендуется специалистам — историкам, философам, социологам, психологам, а также преподавателям, студентам и аспирантам гуманитарных вузов
Idioma:ruso
Publicado: Москва, Московское Научное Издательство имени Г. М. Марк при Московском Научном Институте, 1919
Edición:3-е изд., испр. и доп.
Subjects:
Formato: MixedMaterials Libro
KOHA link:https://koha.lib.tpu.ru/cgi-bin/koha/opac-detail.pl?biblionumber=316506

MARC

LEADER 00000nam0a2200000 4500
001 316506
005 20231102002901.0
035 |a (RuTPU)RU\TPU\book\341957 
035 |a RU\TPU\book\118589 
090 |a 316506 
100 |a 20160323d1919 m y0rusy50 ca 
101 0 |a rus 
102 |a RU 
105 |a y j 001zy 
200 1 |a Теория исторического процесса. Очерки по философии и методологии истории  |e курс лекций  |f В. М. Хвостов 
205 |a 3-е изд., испр. и доп. 
210 |a Москва  |c Московское Научное Издательство имени Г. М. Марк при Московском Научном Институте  |d 1919 
215 |a 389 с. 
300 |a Текст в русской дореформенной орфографии 
316 |5 63413507: М-132598  |a На обложке и титульном листе владельческая подпись: "Бутаков" 
317 |5 63413507: М-132598  |a Поступила в НТБ в 1970 г. в составе книжного собрания профессора ТПИ И. Н. Бутакова 
320 |a Постраничные примечания 
320 |a Библиография в примечаниях 
330 |a Настоящая книга, написанная известным отечественным философом и правоведом В. М. Хвостовым (1868-1920), представляет собой курс лекций по философии и методологии истории. Содержание курса состоит из трех частей. Первая часть посвящена выяснению места истории среди других научных дисциплин и ее специальных задач. Автор пытается ответить на вопросы о том, почему возбуждается интерес человечества к историческим проблемам, т. е. на какие запросы призвано давать ответ историческое познание. Во второй части излагаются руководящие понятия и принципы, лежащие в основе исторического мировозрения. Наконец, в третьей части исследуется вопрос о пределах эмпирического познания в области истории, о средствах и приемах исторического исследования. Рекомендуется специалистам — историкам, философам, социологам, психологам, а также преподавателям, студентам и аспирантам гуманитарных вузов 
606 1 |a История  |x Теоретические основы  |2 stltpush  |3 (RuTPU)RU\TPU\subj\52424  |9 70875 
610 1 |a исторические науки 
610 1 |a историческая психология 
610 1 |a исторический материализм 
610 1 |a методология 
610 1 |a философия 
610 1 |a теория познания 
610 1 |a познание 
610 1 |a человек 
610 1 |a природа 
610 1 |a человеческое общество 
610 1 |a прогресс 
610 1 |a эволюция 
610 1 |a исторические методы 
610 1 |a лекции 
610 1 |a владельческая надпись 
610 1 |a библиотека И. Н. Бутакова 
686 |a Т0  |v LBC/SL-A  |2 rubbk 
700 1 |a Хвостов  |b В. М.  |c российский социолог  |f 1868-1920  |g Вениамин Михайлович  |2 stltpush  |3 (RuTPU)RU\TPU\pers\10010  |9 2116 
801 1 |a RU  |b 63413507  |c 20070214  |g PSBO 
801 2 |a RU  |b 63413507  |c 20190801  |g PSBO 
942 |c BK